<Die> höfliche asiatische Härte Wirtschaft in Japan, Korea, Taiwan, Hongkong und Singapur
Saved in:
| Main Author: | |
|---|---|
| Format: | Book |
| Language: | German |
| Published: |
München
Aktuell
1993
|
| Edition: | 1. Aufl. |
| Subjects: | |
| Tags: |
No Tags, Be the first to tag this record!
|
MARC
| LEADER | 00000nam a2200000 4500 | ||
|---|---|---|---|
| 001 | c003930 | ||
| 005 | 20221206074530.3 | ||
| 020 | |a 3-87959-485-6 | ||
| 041 | 0 | |a ger | |
| 044 | |a DE | ||
| 245 | 1 | 0 | |a <Die> höfliche asiatische Härte |b Wirtschaft in Japan, Korea, Taiwan, Hongkong und Singapur |c Karl-Heinz Pallarz |
| 250 | |a 1. Aufl. | ||
| 264 | 1 | |a München |b Aktuell |c 1993 | |
| 300 | |a 256 s. | ||
| 610 | 2 | 0 | |a rozvoj hospodársky |
| 610 | 2 | 0 | |a hospodárstvo národné |
| 610 | 2 | 0 | |a politika hospodárska |
| 610 | 2 | 0 | |a štruktúra ekonomická |
| 610 | 2 | 0 | |a politika priemyselná |
| 610 | 2 | 0 | |a konkurencieschopnosť |
| 610 | 2 | 0 | |a riadenie hospodárske |
| 610 | 2 | 0 | |a Ázia |
| 610 | 2 | 0 | |a Japonsko |
| 610 | 2 | 0 | |a Južná Kórea |
| 610 | 2 | 0 | |a Taiwan |
| 610 | 2 | 0 | |a Hongkong |
| 610 | 2 | 0 | |a Singapur |
| 100 | 1 | |a Pallarz, Karl-Heinz | |